Women in Movie Titles Quiz Stats

Quiz Updated Apr 2, 2015

Challenge
Share
Tweet
Embed
Score 0/50 Timer 06:00
6 Plays Today
% Correct
Bonnie
96.5%
Juliet
96.5%
Sally
96.2%
Lilo
95.7%
Bridget
95.4%
Anne
95.3%
Jane
94.8%
Lisa
94.7%
Thelma
94.7%
Lara
94.4%
Daisy
94%
Erin
93.2%
Mary
93.2%
Antoinette
92.6%
Virginia
92.1%
Wanda
91.3%
Irene
90.8%
Sarah
90.6%
Victoria
90.3%
Sophie
89.9%
Julie
88.9%
Corrina
88.3%
Rosemary
88.3%
Annie
87.8%
Peggy
86.1%
% Correct
Susan
82.1%
Amy
81.9%
Dolly
81.7%
Eve
80.9%
Anna
79.5%
Stella
79.2%
Emily
78.3%
Nikita
78%
Marilyn
76.3%
Cristina
75.4%
Kate
75.1%
Maude
74.3%
Norma
73.8%
Michele
73.7%
Miri
73.2%
Elizabeth
73.1%
Hannah
71.7%
Priscilla
70.4%
Jennifer
67.8%
Alice
66.8%
Rita
64.8%
Muriel
63.4%
Tess
62.1%
Dolores
59.9%
Rachel
57.7%

You're not logged in!

Compare scores with friends on all Sporcle quizzes.
Join for Free
OR
Log In

You Might Also Like...

Show Comments

Extras

Top Quizzes Today


Score Distribution

Your Account Isn't Verified!

In order to create a playlist on Sporcle, you need to verify the email address you used during registration. Go to your Sporcle Settings to finish the process.

Report this User

Report this user for behavior that violates our Community Guidelines.

Details: